000 00713nam a2200217 i 4500
005 20191224041700.0
008 140310s2002 ne ||||| |||| 00| 0 eng d
040 _aCO-BoIAVH
_cCO-BoIAVH
041 _aeng
082 0 4 _a615.19
_bM34m
245 0 3 _aEu strategic marketing guide 2000 :
_bnatural ingredients for pharmaceuticals
260 _aRotterdam :
_bCBI,
_c2000.
300 _a2 vol.
650 1 4 _aIndustria farmaceútica
650 2 6 _aPlantas medicinales
650 2 6 _aPlantas aromáticas
650 2 6 _aExtractos vegetales
650 2 6 _aCertificación ambiental
710 _aCentre for Promotion of Imports from Developing Countries, CBI
942 _cLIBRO
_2ddc
999 _c3176
_d3176